| 000 | 00383cam a2200169ua 4500 | ||
|---|---|---|---|
| 020 | _c3.00 | ||
| 041 |
_aeng _h |
||
| 082 |
_a330.1 _bSKA/IN |
||
| 100 | _aSkaria, P P . | ||
| 245 |
_aIndian economics / _cP P Skaria. _hTextual Documents |
||
| 260 |
_aau : _bSkaria P P , _c1967. |
||
| 300 | _a231 ; . | ||
| 365 | _a3.00 | ||
| 504 | _a | ||
| 942 | _cBK | ||
| 999 |
_c6100 _d6100 |
||